| 000 | 01170cam a2200277 4500 | ||
|---|---|---|---|
| 001 | L129593 | ||
| 008 | 050504n2005 000 0 eng u | ||
| 020 | _a086017638X | ||
| 035 | _a(Sirsi) u129593 | ||
| 041 | _aeng | ||
| 050 |
_a551.52 _c18 |
||
| 100 | _aVivian, Sally | ||
| 245 |
_aClimate change risks in building _ban introduction |
||
| 260 |
_aLondon _bCIRIA _c2005 |
||
| 300 |
_a84p. _c30cm. |
||
| 350 | _a95 | ||
| 490 |
_aCIRIA _vC638 |
||
| 520 | _aProvides a current review of the implications of climate change.Describes a method for assessing the risk that should help designers and constructors to make rational decisions about whether to incorporate climate change consequences in their projects. The generic approach for risk decision making is suggested so it can be adapted to complement existing internal decision making processes. Bibliography. | ||
| 590 | _aIKA070605 | ||
| 690 | _aBUILT ENVIRONMENT-BUILDING PATHOLOGY | ||
| 700 | _aWilliams, Nicole | ||
| 700 | _aRogers, Will | ||
| 710 |
_aConstruction Industry Research and Information Association _94810 |
||
| 710 |
_aUnited Kingdom _bDepartment of Trade and Industry |
||
| 942 | _n0 | ||
| 999 |
_c104245 _d104245 |
||